Sins of the Fathers: (Record no. 5584)

MARC details
000 -LEADER
fixed length control field 00611nam a22002057a 4500
003 - CONTROL NUMBER IDENTIFIER
control field GBCCL
005 - DATE AND TIME OF LATEST TRANSACTION
control field 20241126110545.0
008 - FIXED-LENGTH DATA ELEMENTS--GENERAL INFORMATION
fixed length control field 180327b ||||| |||| 00| 0 eng d
020 ## - INTERNATIONAL STANDARD BOOK NUMBER
International Standard Book Number 1852402539
040 ## - CATALOGING SOURCE
Transcribing agency gbc
082 ## - DEWEY DECIMAL CLASSIFICATION NUMBER
Classification number 262.0017
Item number MIL
100 ## - MAIN ENTRY--PERSONAL NAME
Personal name Mills, Brian
9 (RLIN) 10081
245 ## - TITLE STATEMENT
Title Sins of the Fathers:
Remainder of title How national repentance removes obstacles for revival /
Statement of responsibility, etc. Brian Mill & Roger Mitchell
260 ## - PUBLICATION, DISTRIBUTION, ETC.
Place of publication, distribution, etc. England:
Name of publisher, distributor, etc. Sovereign World,
Date of publication, distribution, etc. 1999
300 ## - PHYSICAL DESCRIPTION
Extent 191 p.;
Dimensions 20 cm.
650 ## - SUBJECT ADDED ENTRY--TOPICAL TERM
Topical term or geographic name entry element Revivals
9 (RLIN) 344
650 ## - SUBJECT ADDED ENTRY--TOPICAL TERM
Topical term or geographic name entry element Repentance
Form subdivision Christianity
9 (RLIN) 10082
650 ## - SUBJECT ADDED ENTRY--TOPICAL TERM
Topical term or geographic name entry element Church renewal
9 (RLIN) 963
942 ## - ADDED ENTRY ELEMENTS (KOHA)
Source of classification or shelving scheme Dewey Decimal Classification
Koha item type Books
Koha issues (borrowed), all copies 1
Holdings
Withdrawn status Lost status Source of classification or shelving scheme Damaged status Not for loan Home library Current Library Shelving location Date acquired Total checkouts Full call number Barcode Date last seen Date last checked out Copy number Price effective from Koha item type
    Dewey Decimal Classification     GRACE BIBLE COLLEGE GRACE BIBLE COLLEGE Ministry & Mission 2018-03-27 1 262.0017 MIL 006704 2025-05-01 2018-09-25 c.1 2018-03-27 Books
    Dewey Decimal Classification     GRACE BIBLE COLLEGE GRACE BIBLE COLLEGE Ministry & Mission 2018-03-27   262.0017 MIL 006809 2025-05-01   c.2 2018-03-27 Books
© Grace Bible College Library 2025